| 000 | 01412nam0a2200289 4500 | ||
|---|---|---|---|
| 001 | RU\NLR\bibl\371993 | ||
| 005 | 20260409074125.0 | ||
| 010 |
_a5-8428-0312-7 _9500 |
||
| 035 | _a(NLR Aleph) 000366508 | ||
| 090 |
_a368642 _c368642 |
||
| 100 | _a20030228d2002 |||y0rusy50 ca | ||
| 101 | 0 |
_arus _aeng |
|
| 102 | _aRU | ||
| 105 | _aa ||||||||| | ||
| 200 | 1 |
_aИнтеграция в учебном процессе _eУчеб.-метод. пособие для студентов фак. нач. образования _e[По обучению англ. яз.] _fВ.В. Левченко _gМ-во образования России, Самар. гос. пед. ун-т |
|
| 210 |
_aСамара _cИзд-во СГПУ _d2002 |
||
| 215 |
_a103 с. _cил. _d20 |
||
| 320 | _aБиблиогр.: с. 67-75 (97 назв.) | ||
| 606 | 0 |
_aАнглийский язык _xМетодика преподавания _xНачальная школа _9970221 _3RU\NLR\auth\6644947 |
|
| 606 |
_aАнглийский язык _xПреподавание _xНачальная школа _3RU\NLR\auth\661282251 _92124015 |
||
| 686 | _aЧ426.179Ан.2(2)-2,01 | ||
| 700 | 1 |
_4070 _8rus _7ca _aЛевченко _bВ. В. _cд-р пед. наук _gВиктория Вячеславовна _3RU\NLR\auth\7783646 _966574 |
|
| 801 | 0 |
_aRU _bNLR _c20030228 _gPSBO |
|
| 801 | 1 |
_aRU _bNLR _c20030228 |
|
| 942 | _cBOOK | ||
| 980 | _aNB | ||